Carvan Advanced Learner's Dictionary (Record no. 614667)
[ view plain ]
| 000 -LEADER | |
|---|---|
| fixed length control field | 00335nam a22001217a 4500 |
| 040 ## - CATALOGING SOURCE | |
| Transcribing agency | Carvan |
| 082 ## - DEWEY DECIMAL CLASSIFICATION NUMBER | |
| Classification number | 423 |
| Author Mark | M9535 |
| 100 ## - MAIN ENTRY--PERSONAL NAME | |
| Personal name | Ch. Abdul Mujeeb |
| 9 (RLIN) | 130478 |
| 245 ## - TITLE STATEMENT | |
| Title | Carvan Advanced Learner's Dictionary |
| Remainder of title | English to English and Urdu |
| 260 ## - PUBLICATION, DISTRIBUTION, ETC. | |
| Place of publication, distribution, etc. | Lahore |
| Name of publisher, distributor, etc. | The Carvan Publication Publishers |
| 300 ## - PHYSICAL DESCRIPTION | |
| Extent | 1056p. |
| 942 ## - ADDED ENTRY ELEMENTS (KOHA) | |
| Source of classification or shelving scheme | |
| Koha item type | Book |
| Withdrawn status | Lost status | Source of classification or shelving scheme | Damaged status | Not for loan | Permanent Location | Current Location | Date acquired | Total Checkouts | Full call number | Barcode | Date last seen | Price effective from | Koha item type |
|---|---|---|---|---|---|---|---|---|---|---|---|---|---|
| School of Chemical & Materials Engineering (SCME) | School of Chemical & Materials Engineering (SCME) | 09/18/2025 | 423 M9535 | SCME-D308 | 09/18/2025 | 09/18/2025 | Book |
